00310cam a2200145ua 45000010005000000080039000050400009000440410012000530820016000650820016000811000027000972450012001243000010001366530018001461193120710n II |||gr||||Z||||||asm aMAIN aEnglish a891.454 BEZ a891.454 BEJ aBEZBARUAH, LAKHMINATH. aLITIKAI c18CM. aAsomiya Natak